000 00689nam a22002417a 4500
001 BR9902397
003 BR-BrBNA
005 20230928100334.0
007 ta
008 230509b bl.||||| |||| 00| 0 por d
040 _aBR-BrBNA
_bpor
_cBiblioteca Nacional de Agricultura
041 _a(Por)
072 _aD10
090 _ D10 BR9902397
110 1 _aMinisterio da Agricultura e do Abastecimento, Brasilia, DF (Brasil)
_96726
245 1 _aMinistros titulares e interinos; 1860 a 1997
260 3 _aBrasilia, DF (Brasil):
_c1997.
300 _a23 p.
650 _aAdministracao Publica
650 _aInstituicao Agricola
909 _a202309
_bLucia
_c55
_dLucia Elande
942 _cBK
999 _c60981
_d60981